00956nam a2200217 a 450000100100000000500170001000800410002702000180006804000250008610000330011124501130014425000110025726000850026830000210035350000990037450400280047304900090050195201050051095201060061599900170072100003391520200930070624.0110914s2008 bs 000 0 spa d a9788521804314 aDO-SdBNPbspacBNPHU1 aRibeiro, Luis Filipe.95935710aMulheres de papel :bun estudo do imaginario em José de Alencar e Machado de Adsis /cLuis Filipe Ribeiro. a2a ed. aRio de Janeiro :bMinisterio de CulturabFundación Biblioteca Nacional,c2008. a445 p. :b21 cm. aOriginally presented as the author's thesis (doctoral)--Universidade Federal Fluminense, 1995. aBibliografía 437 -466 aBNPD 001050718MOaGRbGRcCTd2011-09-14iLF1l0o p33915-10r2020-06-25w2020-06-25y1ZNo se presta 0010507-18MOaGRbGRcOId2011-09-14iLF1l0o p33916-10r2020-06-25w2020-06-25y1ZNo se presta c33406d33406